000 00433nam a2200157Ia 4500
008 210716s2018 xx 000 0 und d
020 _a9788126552344
041 _aeng
082 _a337.090905 SALD
100 _aSalvatore, Dominick.
245 _aInternational economics: trade and finance.
_bTrade and finance.
250 _a11
260 _aNew Delhi
_bWILEY
_c2018
300 _axxxix,757
650 _aInternational Economics
999 _c211536
_d211536